|
|
|
|
| LEADER |
00000nab a2200000 a 4500 |
| 001 |
vtls000690778 |
| 003 |
SK-MaSNL |
| 005 |
20260304094730.0 |
| 008 |
250425c1999 xo 0 slo |
| 015 |
|
|
|a SNBRB1999/03-08199
|
| 035 |
|
|
|a CLN000042945
|
| 035 |
|
|
|a urn:nbn:sk:snk-abai2m
|
| 035 |
|
|
|a (urnnbn)urn:nbn:sk:snk:ar-008ofx
|
| 035 |
|
|
|a (uuid)943aeb9f-60bc-44f0-b82f-9804ad31f288
|
| 040 |
|
|
|a SNKBUCL
|b slo
|c SNKBUCL
|e AACR2
|
| 041 |
0 |
|
|a slo
|
| 044 |
|
|
|a xo
|c SK
|
| 080 |
|
|
|a 82:929:885.4
|2 1997
|
| 080 |
|
|
|a 885.4:929
|2 1997
|
| 100 |
1 |
|
|a Podracká, Dana,
|d 1954-
|4 ain
|9 212520
|
| 245 |
1 |
0 |
|a Byť dobrý ako more
|b hovoríme s prozaikom Jozefom Kollárom
|c [zhovára sa] Dana Podracká
|
| 300 |
|
|
|b Fotogr.
|
| 600 |
1 |
7 |
|a Kollár, Jozef,
|d 1960-
|2 snkbucl
|9 111263
|
| 655 |
|
7 |
|a články z novín a časopisov
|2 snkbucl
|9 267496
|
| 700 |
1 |
|
|a Kollár, Jozef,
|d 1960-
|4 aut
|9 111263
|
| 773 |
0 |
|
|t Literárny týždenník
|g Roč. 12, č. 2 (1999), s. 1 a 10
|x 0862-5999
|
| 850 |
|
|
|a Slovenská národná knižnica
|
| 852 |
|
|
|a Slovenská národná knižnica
|
| 954 |
|
|
|a odborná, vedecká literatúra pôvodná (slovenská)
|2 lita
|
| 958 |
|
|
|a article14
|
| 958 |
|
|
|a SK
|
| 958 |
|
|
|a LX
|
| 958 |
|
|
|a OND
|
| 958 |
|
|
|a EUIPO
|
| 992 |
|
|
|a RBX
|
| 999 |
|
|
|c 2828721
|d 2830651
|